[Event "Marseille op 5th"]
[Site "Marseille"]
[Date "2012.12.26"]
[Round "1"]
[White "Houard, Yannick"]
[Black "Jullien, Patrick"]
[Result "1-0"]
[WhiteElo "2246"]
[BlackElo "1643"]
[PlyCount "55"]
[EventDate "2012.12.26"]
[EventType "swiss"]
[EventRounds "9"]
[EventCountry "FRA"]
[SourceTitle "EXT 2014"]
[Source "ChessBase"]
[SourceDate "2013.11.20"]
[SourceVersion "1"]
[SourceVersionDate "2013.11.20"]
[SourceQuality "1"]

1. e4 e5 2. Nf3 Nc6 3. Bb5 a6 4. Bxc6 dxc6 5. 0-0 Bg4 6. h3 h5 7. d3 Qf6 8. Nbd2 Ne7 9. Re1 Ng6 10. d4 0-0-0 11. hxg4 hxg4 12. Nh2 Kb8 13. Qxg4 Nf4 14. Ndf3 Bb4 15. Bxf4 exf4 16. c3 Be7 17. e5 Qh6 18. b4 g6 19. Re4 g5 20. a4 b5 21. axb5 axb5 22. Re2 Qh5 23. Rea2 Qxg4 24. Nxg4 Kc8 25. e6 f6 26. Ra8+ Kb7 27. R8a7+ Kb8 28. Nfe5 1-0

[Event "Condom op 10th"]
[Site "Condom"]
[Date "2010.07.14"]
[Round "5"]
[White "Houard, Yannick"]
[Black "Forestie, Pierre"]
[Result "1/2-1/2"]
[WhiteElo "2238"]
[BlackElo "2076"]
[PlyCount "121"]
[EventDate "2010.07.??"]
[EventType "swiss"]
[EventRounds "9"]
[EventCountry "FRA"]
[SourceTitle "EXT 2011"]
[Source "ChessBase"]
[SourceDate "2010.11.26"]
[SourceVersion "1"]
[SourceVersionDate "2010.11.26"]
[SourceQuality "1"]

1. e4 e5 2. Nf3 Nc6 3. Bb5 Bc5 4. 0-0 Nd4 5. Nxd4 Bxd4 6. c3 Bb6 7. d4 c6 8. Bc4 d6 9. Qd3 Qf6 10. Be3 Ne7 11. f4 exd4 12. Bxd4 Bxd4+ 13. cxd4 0-0 14. Nc3 d5 15. exd5 Bf5 16. Qd2 cxd5 17. Bb3 Rad8 18. Rae1 Rd7 19. Re5 Rfd8 20. Rfe1 h6 21. Ba4 Nc6 22. Bxc6 bxc6 23. Na4 Rb7 24. Nc5 Rb5 25. b3 Kh7 26. h3 h5 27. Kh2 a5 28. Qe2 g6 29. Qe3 Rb4 30. a3 Rb5 31. Re7 Be4 32. Re5 Bf5 33. Re8 Be4 34. Rxd8 Qxd8 35. Re2 Qe7 36. Qf2 f5 37. Qe3 Qd6 38. Kg1 Kg7 39. Re1 Qe7 40. Kh2 Qd6 41. Kg1 Qe7 42. Qf2 Kh7 43. Rc1 Rb8 44. Qg3 Rc8 45. h4 Qf6 46. Rd1 Qd6 47. Qg5 Rb8 48. Rc1 Rb6 49. Rc3 Rb8 50. Rg3 Rg8 51. Kh2 Rg7 52. b4 axb4 53. axb4 Ra7 54. Nb3 Ra2 55. Nc5 Ra7 56. Nb3 Ra2 57. Na5 Qe6 58. Nb7 Ra7 59. Na5 Qd6 60. Nb3 Ra2 61. Na5 1/2-1/2

[Event "FRA-ch Accession"]
[Site "Belfort"]
[Date "2010.??.??"]
[Round "5"]
[White "Demuth, Adrien"]
[Black "Houard, Yannick"]
[Result "1/2-1/2"]
[WhiteElo "2394"]
[BlackElo "2238"]
[PlyCount "74"]
[EventDate "2010.08.09"]
[EventType "swiss"]
[EventRounds "11"]
[EventCountry "FRA"]
[SourceTitle "CBM 138 Extra"]
[Source "ChessBase"]
[SourceDate "2010.10.29"]
[SourceVersion "1"]
[SourceVersionDate "2010.10.29"]
[SourceQuality "1"]

1. d4 d5 2. c4 c6 3. Nf3 Nf6 4. Qc2 dxc4 5. Qxc4 Bf5 6. Nc3 e6 7. g3 Nbd7 8. Bg2 Be7 9. 0-0 0-0 10. Re1 Ne4 11. Bf4 Nxc3 12. bxc3 Be4 13. Qb3 c5 14. Ne5 Bxg2 15. Kxg2 Nxe5 16. Bxe5 Qd7 17. Rad1 cxd4 18. cxd4 b6 19. e4 Bd6 20. Bxd6 Qxd6 21. d5 exd5 22. exd5 Rac8 23. Qe3 Rfd8 24. Rd3 g6 25. Re2 Rc5 26. Red2 b5 27. Rd4 Kg7 28. R4d3 Kg8 29. h4 h5 30. Rd4 a6 31. Kh2 Rc4 32. Re4 Rxe4 33. Qxe4 a5 34. Qd3 Rb8 35. Rc2 Rd8 36. Rd2 Rb8 37. Rc2 Rd8 1/2-1/2

[Event "FRA-ch Accession"]
[Site "Belfort"]
[Date "2010.??.??"]
[Round "10"]
[White "Houard, Yannick"]
[Black "Briet, Antoine"]
[Result "1/2-1/2"]
[WhiteElo "2238"]
[BlackElo "2212"]
[PlyCount "58"]
[EventDate "2010.08.09"]
[EventType "swiss"]
[EventRounds "11"]
[EventCountry "FRA"]
[SourceTitle "CBM 138 Extra"]
[Source "ChessBase"]
[SourceDate "2010.10.29"]
[SourceVersion "1"]
[SourceVersionDate "2010.10.29"]
[SourceQuality "1"]

1. e4 c5 2. Nf3 d6 3. d4 cxd4 4. Nxd4 Nf6 5. Nc3 g6 6. Be3 Bg7 7. f3 0-0 8. Qd2 Nc6 9. Bc4 Bd7 10. 0-0-0 Rc8 11. Bb3 Ne5 12. Kb1 Re8 13. Bh6 Bxh6 14. Qxh6 Rxc3 15. bxc3 a5 16. a4 b5 17. Nxb5 Bxb5 18. axb5 a4 19. Ba2 Qa5 20. Rd4 Rc8 21. Qd2 Qxb5+ 22. Rb4 Qa5 23. Ka1 Nc6 24. Rb7 Nd8 25. Rxe7 Kf8 26. e5 dxe5 27. Qd6 Qxc3+ 28. Kb1 Qxc2+ 29. Ka1 Qc3+ 1/2-1/2

[Event "FRA-ch Accession"]
[Site "Belfort"]
[Date "2010.??.??"]
[Round "2"]
[White "Houard, Yannick"]
[Black "Moussard, Jules"]
[Result "1/2-1/2"]
[WhiteElo "2238"]
[BlackElo "2372"]
[PlyCount "94"]
[EventDate "2010.08.09"]
[EventType "swiss"]
[EventRounds "11"]
[EventCountry "FRA"]
[SourceTitle "CBM 138 Extra"]
[Source "ChessBase"]
[SourceDate "2010.10.29"]
[SourceVersion "1"]
[SourceVersionDate "2010.10.29"]
[SourceQuality "1"]

1. e4 g6 2. d4 d6 3. Nc3 Bg7 4. Be3 a6 5. h4 Nf6 6. Be2 h5 7. Nh3 b5 8. Ng5 Ng4 9. Bf4 Nc6 10. f3 e5 11. dxe5 Ngxe5 12. Qd5 Qd7 13. 0-0-0 Bb7 14. Qd2 Rb8 15. Nd5 Ne7 16. Nxe7 Qxe7 17. Nh3 Bc6 18. Kb1 Qf6 19. c3 a5 20. Bg5 Qe6 21. Nf4 Qd7 22. Nd5 Bxd5 23. Qxd5 a4 24. a3 Nc4 25. Bxc4 bxc4 26. Qxc4 Rb3 27. Ka2 0-0 28. Be3 Rfb8 29. Rd2 Qc8 30. Bd4 Qb7 31. Rb1 Bh6 32. Rc2 c5 33. Bf6 Bc1 34. Qxa4 c4 35. Qxc4 Bxb2 36. Qa4 Rb6 37. Bd4 Rb3 38. c4 Qc6 39. Qxb3 Rxb3 40. Rbxb2 Rxb2+ 41. Kxb2 Qa4 42. Bf2 Kf8 43. Be1 Qa7 44. Bb4 Qd4+ 45. Kb3 Qd3+ 46. Kb2 Qd4+ 47. Kb3 Qd3+ 1/2-1/2

[Event "Marseille op 2nd "]
[Site "Marseille"]
[Date "2009.12.30"]
[Round "9"]
[White "Sanduleac, Vasile"]
[Black "Houard, Yannick"]
[Result "0-1"]
[WhiteElo "2470"]
[BlackElo "2167"]
[PlyCount "108"]
[EventDate "2009.12.26"]
[EventType "swiss"]
[EventRounds "9"]
[EventCountry "FRA"]
[SourceTitle "CBM 134 Extra"]
[Source "ChessBase"]
[SourceDate "2010.03.03"]
[SourceVersion "1"]
[SourceVersionDate "2010.03.03"]
[SourceQuality "1"]

1. e4 e6 2. d3 d5 3. Nd2 c5 4. Ngf3 Nc6 5. g3 Bd6 6. Bg2 Nge7 7. 0-0 0-0 8. Qe2 Qc7 9. Re1 f6 10. c3 Bd7 11. Nb3 b6 12. d4 c4 13. e5 fxe5 14. dxe5 Bc5 15. Nxc5 bxc5 16. b3 Na5 17. Qc2 Be8 18. Ng5 Bg6 19. Qd1 Qd7 20. Ba3 Rac8 21. b4 Nb7 22. Ne4 cxb4 23. Bxb4 Bxe4 24. Bxe4 Nc5 25. Bc2 Qc7 26. Qg4 Nf5 27. Rad1 a5 28. Ba3 g6 29. Qe2 Rf7 30. Bc1 Nd3 31. Bxd3 cxd3 32. Rxd3 Qc4 33. Bg5 h5 34. h3 Rb8 35. Red1 a4 36. a3 Rb3 37. g4 hxg4 38. hxg4 Rb2 39. R1d2 Rb1+ 40. Kg2 Re1 41. Qxe1 Qxg4+ 42. Kf1 Rh7 43. f4 Rh1+ 44. Kf2 Rxe1 45. Kxe1 Qg1+ 46. Ke2 Ng3+ 47. Kf3 Ne4 48. c4 Nxd2+ 49. Rxd2 Qf1+ 50. Ke3 Qxc4 51. Rd3 Qe4+ 52. Kd2 d4 53. Rg3 Kf7 54. Rd3 Ke8 0-1

[Event "Marseille op 2nd "]
[Site "Marseille"]
[Date "2009.12.29"]
[Round "7"]
[White "Houard, Yannick"]
[Black "Riff, Jean Noel"]
[Result "0-1"]
[WhiteElo "2167"]
[BlackElo "2500"]
[PlyCount "124"]
[EventDate "2009.12.26"]
[EventType "swiss"]
[EventRounds "9"]
[EventCountry "FRA"]
[SourceTitle "CBM 134 Extra"]
[Source "ChessBase"]
[SourceDate "2010.03.03"]
[SourceVersion "1"]
[SourceVersionDate "2010.03.03"]
[SourceQuality "1"]

1. e4 c5 2. Nf3 d6 3. d4 Nf6 4. Nc3 cxd4 5. Nxd4 e6 6. Be2 Be7 7. 0-0 0-0 8. Kh1 Nc6 9. Be3 Nxd4 10. Bxd4 b6 11. f4 Bb7 12. Bd3 Rc8 13. Qf3 g6 14. a4 Qc7 15. Nb5 Qb8 16. c4 Nd7 17. Nc3 Bf6 18. Bxf6 Nxf6 19. a5 Bc6 20. Qe2 Qb7 21. b4 Qb8 22. Qe3 Ng4 23. Qe2 f5 24. h3 Nf6 25. Qe3 bxa5 26. b5 Ba8 27. Rxa5 Qb6 28. Qxb6 axb6 29. Ra6 fxe4 30. Be2 d5 31. Rxb6 d4 32. Rxe6 dxc3 33. Rc1 Kf7 34. Ra6 Rfe8 35. Rxc3 Nd5 36. Rc1 Nb4 37. Ra7+ Re7 38. Rca1 Bb7 39. Rd1 Nd3 40. Kh2 Rxc4 41. Bxd3 exd3 42. Rxd3 Rxf4 43. Rd2 Rb4 44. Rf2+ Kg7 45. Ra5 Re5 46. Rd2 Rexb5 47. Raa2 h5 48. Rac2 Kh6 49. Re2 Be4 50. Rcd2 Rc5 51. Rf2 Rbc4 52. Rf4 Rc2 53. Rxc2 Bxc2 54. h4 Bf5 55. g3 Rc2+ 56. Kg1 Kg7 57. Kf1 Kf6 58. Kg1 Ke5 59. Rf3 Rd2 60. Ra3 Ke4 61. Rb3 Rd3 62. Rb4+ Kf3 0-1

[Event "Condom op-A"]
[Site "Condom"]
[Date "2009.07.12"]
[Round "2"]
[White "Delay, Guillaume"]
[Black "Houard, Yannick"]
[Result "0-1"]
[WhiteElo "1994"]
[BlackElo "2200"]
[PlyCount "66"]
[EventDate "2009.07.11"]
[EventType "swiss"]
[EventRounds "9"]
[EventCountry "FRA"]
[SourceTitle "CBM 131 Extra"]
[Source "ChessBase"]
[SourceDate "2009.09.03"]
[SourceVersion "2"]
[SourceVersionDate "2009.09.16"]
[SourceQuality "1"]

1. e4 c5 2. Nf3 e6 3. d4 cxd4 4. Nxd4 Nc6 5. Be2 Qc7 6. Be3 a6 7. 0-0 Nf6 8. Nd2 d5 9. Nxc6 bxc6 10. exd5 cxd5 11. c4 Bd6 12. h3 0-0 13. Nf3 dxc4 14. Bxc4 Qxc4 15. Qxd6 Bb7 16. Rfc1 Qe2 17. Ne5 Nd5 18. Re1 Qh5 19. Qd7 Qxe5 20. Qxb7 Rfb8 21. Qc6 Nxe3 22. Rxe3 Qxb2 23. Rc1 Qxa2 24. Rd3 h6 25. Rcd1 Qe2 26. Rd7 a5 27. Qd6 a4 28. Qf4 Qh5 29. Ra1 a3 30. Rxa3 Rb1+ 31. Kh2 Rxa3 32. Rd8+ Kh7 33. Qd6 Raa1 0-1

[Event "Condom op-A"]
[Site "Condom"]
[Date "2009.07.11"]
[Round "1"]
[White "Houard, Yannick"]
[Black "Catala, Laurent"]
[Result "1-0"]
[WhiteElo "2200"]
[BlackElo "1885"]
[PlyCount "65"]
[EventDate "2009.07.11"]
[EventType "swiss"]
[EventRounds "9"]
[EventCountry "FRA"]
[SourceTitle "CBM 131 Extra"]
[Source "ChessBase"]
[SourceDate "2009.09.03"]
[SourceVersion "2"]
[SourceVersionDate "2009.09.16"]
[SourceQuality "1"]

1. e4 e5 2. Nf3 Nc6 3. Bb5 a6 4. Ba4 b5 5. Bb3 d6 6. c3 Be7 7. 0-0 Nf6 8. Re1 Bg4 9. d3 0-0 10. h3 Bd7 11. Nbd2 h6 12. Nf1 Nh7 13. d4 exd4 14. cxd4 Kh8 15. Ng3 Ng5 16. Nxg5 Bxg5 17. Bd5 Rb8 18. Bxg5 Qxg5 19. Bxc6 Bxc6 20. Rc1 Rb6 21. d5 Bd7 22. Rxc7 Qd8 23. Qc2 Rb8 24. Rc1 Rc8 25. b4 f5 26. Rxc8 Qxc8 27. Qxc8 Rxc8 28. Rxc8+ Bxc8 29. Nxf5 Bxf5 30. exf5 Kg8 31. f4 Kf7 32. Kf2 h5 33. g4 1-0

[Event "Rochefort op 8th"]
[Site "Rochefort"]
[Date "2009.02.??"]
[Round "5"]
[White "Nguyen, Chi Minh"]
[Black "Houard, Yannick"]
[Result "1-0"]
[WhiteElo "2429"]
[BlackElo "2182"]
[PlyCount "80"]
[EventDate "2009.02.??"]
[EventType "swiss"]
[EventRounds "9"]
[EventCountry "FRA"]
[SourceTitle "EXT 2010"]
[Source "ChessBase"]
[SourceDate "2010.11.25"]
[SourceVersion "1"]
[SourceVersionDate "2010.11.25"]
[SourceQuality "1"]

1. d4 d5 2. c4 c6 3. Nc3 Nf6 4. e3 a6 5. Nf3 b5 6. c5 g6 7. Bd2 Bg7 8. b4 Nfd7 9. a4 Bb7 10. Be2 0-0 11. 0-0 Re8 12. Ra2 Nf8 13. Qc2 Nbd7 14. Rfa1 Qc7 15. axb5 axb5 16. Bxb5 Rxa2 17. Rxa2 cxb5 18. Nxb5 Qb8 19. c6 Bxc6 20. Qxc6 Rc8 21. Qa6 Nb6 22. Na7 Rc7 23. b5 Nc4 24. Nc6 Qb7 25. Bb4 Bf6 26. g4 Ne6 27. Nd2 Nxd2 28. Bxd2 Ng5 29. Bb4 Ne4 30. f3 Ng5 31. Kg2 Ne6 32. Bc5 Kg7 33. Qxb7 Rxb7 34. b6 Nc7 35. bxc7 Rxc7 36. Nb4 e6 37. Ra8 Be7 38. Bxe7 Rxe7 39. Nc6 Rc7 40. Ne5 h6 1-0

[Event "Chambery op 14th"]
[Site "Chambery"]
[Date "2008.08.05"]
[Round "4"]
[White "Houard, Yannick"]
[Black "Eydt, Yoann"]
[Result "0-1"]
[WhiteElo "1480"]
[BlackElo "1688"]
[PlyCount "58"]
[EventDate "2008.08.04"]
[EventType "swiss"]
[EventRounds "9"]
[EventCountry "FRA"]
[SourceTitle "EXT 2009"]
[Source "ChessBase"]
[SourceDate "2008.11.26"]
[SourceVersion "1"]
[SourceVersionDate "2008.11.26"]
[SourceQuality "1"]

1. d4 d5 2. c4 e6 3. e3 Nf6 4. Nc3 Be7 5. Nf3 0-0 6. Bd3 h6 7. 0-0 b6 8. Qc2 Bb7 9. Ne5 Nbd7 10. f4 c5 11. Ne2 Rc8 12. b3 b5 13. Bb2 bxc4 14. bxc4 dxc4 15. Bxc4 Nb6 16. Qb3 Nxc4 17. Nxc4 Bd5 18. Rac1 Rb8 19. Qc2 Bxc4 20. Rfd1 Bxe2 21. Qxe2 cxd4 22. Bxd4 Qa5 23. Rc2 Rfc8 24. h3 Nd5 25. Rxc8+ Rxc8 26. Qg4 Bf6 27. Qf3 Bxd4 28. exd4 Qc3 29. Qe2 Qe3+ 0-1

[Event "Saint Affrique op 16th"]
[Site "Saint Affrique"]
[Date "2008.07.24"]
[Round "7"]
[White "Degraeve, Jean Marc"]
[Black "Houard, Yannick"]
[Result "1-0"]
[WhiteElo "2523"]
[BlackElo "2123"]
[PlyCount "97"]
[EventDate "2008.07.19"]
[EventType "swiss"]
[EventRounds "9"]
[EventCountry "FRA"]
[SourceTitle "CBM 125 Extra"]
[Source "ChessBase"]
[SourceDate "2008.09.01"]
[SourceVersion "1"]
[SourceVersionDate "2008.09.01"]
[SourceQuality "1"]

1. e4 e6 2. d4 d5 3. Nd2 Nf6 4. e5 Nfd7 5. Ngf3 c5 6. c3 Nc6 7. Bd3 Qb6 8. 0-0 cxd4 9. cxd4 Nxd4 10. Nxd4 Qxd4 11. Nf3 Qb6 12. Qa4 Qb4 13. Qc2 h6 14. a3 Qb6 15. Qa4 Be7 16. Be3 Qd8 17. Rac1 0-0 18. Rfe1 f5 19. exf6 Nxf6 20. Ne5 Bd6 21. Bd4 a6 22. Bb1 Bxe5 23. Bxe5 Bd7 24. Qb3 Bc6 25. Rc3 Rf7 26. Rg3 Nd7 27. Bd4 Qh4 28. Qd3 Nf8 29. Qc3 Qe7 30. Ree3 Rc8 31. Bxg7 Rxg7 32. Rxg7+ Qxg7 33. Rg3 Rc7 34. Qe5 Qxg3 35. hxg3 Rf7 36. Bd3 a5 37. f3 Be8 38. Qb8 Bc6 39. g4 Kg7 40. b4 axb4 41. axb4 Nd7 42. Qd6 Nf8 43. b5 Be8 44. Qd8 Bd7 45. Qb8 Ng6 46. Bxg6 Kxg6 47. Qxb7 Rg7 48. b6 d4 49. Qc7 1-0

[Event "Saint Affrique op 16th"]
[Site "Saint Affrique"]
[Date "2008.07.21"]
[Round "4"]
[White "Houard, Yannick"]
[Black "Philippe, Christophe"]
[Result "1/2-1/2"]
[WhiteElo "2123"]
[BlackElo "2442"]
[PlyCount "71"]
[EventDate "2008.07.19"]
[EventType "swiss"]
[EventRounds "9"]
[EventCountry "FRA"]
[SourceTitle "CBM 125 Extra"]
[Source "ChessBase"]
[SourceDate "2008.09.01"]
[SourceVersion "1"]
[SourceVersionDate "2008.09.01"]
[SourceQuality "1"]

1. e4 c5 2. Nf3 e6 3. d4 cxd4 4. Nxd4 Nc6 5. Nb5 d6 6. Bf4 e5 7. Be3 a6 8. N5c3 Nf6 9. Bg5 Be7 10. Bxf6 Bxf6 11. Nd2 0-0 12. Nc4 b5 13. Qxd6 bxc4 14. Qxc6 Be6 15. Be2 Rb8 16. Rb1 Bg5 17. 0-0 Rb6 18. Qa4 Qb8 19. Nd5 Bxd5 20. exd5 c3 21. b3 Qd6 22. Rbd1 Bd2 23. Qa5 Rc8 24. Rxd2 Rc5 25. Qa4 cxd2 26. c4 Rc8 27. Rd1 e4 28. Qa5 f5 29. Rxd2 Kf7 30. g3 g6 31. Rd1 h5 32. Qd2 Rbb8 33. Qc3 Qf6 34. Qe3 Qd6 35. Qc3 Qf6 36. Qe3 1/2-1/2

[Event "Champions Challenge 225th"]
[Site "Playchess.com INT"]
[Date "2007.11.17"]
[Round "1.4"]
[White "Houard, Yannick"]
[Black "Plaskett, H James"]
[Result "0-1"]
[WhiteElo "2122"]
[BlackElo "2480"]
[PlyCount "78"]
[EventDate "2007.11.17"]
[EventType "k.o. (blitz)"]
[EventRounds "3"]
[EventCountry "GER"]
[SourceTitle "EXT 2010"]
[Source "ChessBase"]
[SourceDate "2010.11.25"]
[SourceVersion "1"]
[SourceVersionDate "2010.11.25"]
[SourceQuality "1"]

1. e4 c5 2. Nf3 e6 3. d4 cxd4 4. Nxd4 Nc6 5. Nc3 Qc7 6. Be2 Nf6 7. 0-0 d6 8. Kh1 Be7 9. f4 0-0 10. Be3 Re8 11. Bd3 a6 12. a4 Nxd4 13. Bxd4 e5 14. Bg1 exf4 15. Rxf4 Be6 16. Rf1 Nd7 17. Nd5 Bxd5 18. exd5 Bf6 19. c3 g6 20. Qf3 Re7 21. Rae1 Rae8 22. Qf2 Bg7 23. h3 Ne5 24. Bc2 Qc4 25. Rd1 f5 26. Qd4 Qxd4 27. Bxd4 Nd7 28. Bg1 Re2 29. Bd3 Rxb2 30. Rb1 Bxc3 31. Rxb2 Bxb2 32. Rb1 Ba3 33. Rxb7 Nc5 34. Bxc5 Bxc5 35. Bxa6 Re1+ 36. Kh2 f4 37. h4 h5 38. Bd3 Bg1+ 39. Kh3 Re3+ 0-1

[Event "FRA-ch Accession"]
[Site "Aix les Bains"]
[Date "2007.08.19"]
[Round "6"]
[White "Blanc, Sebastien"]
[Black "Houard, Yannick"]
[Result "1/2-1/2"]
[WhiteElo "2141"]
[BlackElo "2151"]
[PlyCount "29"]
[EventDate "2007.08.13"]
[EventType "swiss"]
[EventRounds "11"]
[EventCountry "FRA"]
[SourceTitle "CBM 120 Extra"]
[Source "ChessBase"]
[SourceDate "2007.11.01"]
[SourceVersion "1"]
[SourceVersionDate "2007.11.01"]
[SourceQuality "1"]

1. e4 e6 2. Nc3 d5 3. Nf3 Nf6 4. e5 Nfd7 5. d4 c5 6. dxc5 Nxc5 7. Nd4 Nc6 8. f4 a6 9. Be3 Be7 10. Qd2 Bd7 11. 0-0-0 Qa5 12. Kb1 Nxd4 13. Bxd4 Na4 14. Nxa4 Qxd2 15. Rxd2 1/2-1/2

[Event "Marseille Hiver op"]
[Site "Marseille"]
[Date "2005.12.30"]
[Round "7"]
[White "Houard, Yannick"]
[Black "Silva, Raphael"]
[Result "1/2-1/2"]
[WhiteElo "1964"]
[BlackElo "1991"]
[PlyCount "41"]
[EventDate "2005.12.27"]
[EventType "swiss"]
[EventRounds "9"]
[EventCountry "FRA"]
[SourceTitle "CBM 110 Extra"]
[Source "ChessBase"]
[SourceDate "2006.03.10"]
[SourceVersion "2"]
[SourceVersionDate "2006.03.10"]
[SourceQuality "1"]

1. e4 c5 2. Nf3 Nc6 3. d4 cxd4 4. Nxd4 Nf6 5. Nc3 e5 6. Ndb5 d6 7. Bg5 a6 8. Na3 b5 9. Nd5 Be7 10. Bxf6 Bxf6 11. c3 0-0 12. Nc2 Bg5 13. a4 bxa4 14. Rxa4 a5 15. Bc4 Kh8 16. Nce3 Bxe3 17. Nxe3 Rb8 18. Ra2 Ne7 19. 0-0 f5 20. exf5 Nxf5 21. Nxf5 1/2-1/2

[Event "Nantes op 3rd"]
[Site "Nantes"]
[Date "2004.12.29"]
[Round "4"]
[White "Roussel, Jerome"]
[Black "Houard, Yannick"]
[Result "1/2-1/2"]
[WhiteElo "1650"]
[BlackElo "1920"]
[PlyCount "80"]
[EventDate "2004.12.27"]
[EventType "swiss"]
[EventRounds "7"]
[EventCountry "FRA"]
[SourceTitle "EXT 2006"]
[Source "ChessBase"]
[SourceDate "2005.11.24"]
[SourceVersion "1"]
[SourceVersionDate "2005.11.24"]
[SourceQuality "1"]

1. e4 e6 2. d4 d5 3. exd5 exd5 4. c4 c6 5. Nc3 Nf6 6. Bg5 Be7 7. Nf3 0-0 8. Be2 Nbd7 9. 0-0 dxc4 10. Bxc4 Nb6 11. Bb3 Bg4 12. Bc2 Bh5 13. Qd3 Bg6 14. Qd1 Bxc2 15. Qxc2 h6 16. Bh4 Nfd5 17. Bxe7 Qxe7 18. Nxd5 Nxd5 19. Rfe1 Qd6 20. Qc5 Qxc5 21. dxc5 Rfe8 22. a3 Kf8 23. Ne5 Re7 24. Nd3 Rae8 25. Kf1 f6 26. Rxe7 Rxe7 27. Re1 g6 28. Rxe7 Kxe7 29. Ke2 Ke6 30. Kf3 f5 31. Ke2 g5 32. g3 f4 33. gxf4 Nxf4+ 34. Nxf4+ gxf4 35. Kd3 Ke5 36. h4 a5 37. b4 Kf5 38. f3 axb4 39. axb4 Ke5 40. Kc4 Kf6 1/2-1/2

[Event "Rochefort op 3rd"]
[Site "Rochefort"]
[Date "2004.02.24"]
[Round "5"]
[White "Jimenez, Georges"]
[Black "Houard, Yannick"]
[Result "1/2-1/2"]
[WhiteElo "1930"]
[BlackElo "1299"]
[PlyCount "70"]
[EventDate "2004.02.21"]
[EventType "swiss"]
[EventRounds "7"]
[EventCountry "FRA"]
[SourceTitle "EXT 2005"]
[Source "ChessBase"]
[SourceDate "2004.11.15"]
[SourceVersion "1"]
[SourceVersionDate "2004.11.15"]
[SourceQuality "1"]

1. d4 d5 2. Nf3 Nf6 3. e3 e6 4. Bd3 Bd6 5. Nbd2 Nbd7 6. 0-0 c6 7. c4 b6 8. b3 Qc7 9. Bb2 Bb7 10. cxd5 exd5 11. Rc1 0-0 12. e4 dxe4 13. Nxe4 Nxe4 14. Bxe4 Bf4 15. Rc2 c5 16. Bxb7 Qxb7 17. Re2 Rad8 18. Rfe1 a6 19. Re4 Bb8 20. Qe2 Bd6 21. Qc2 Rc8 22. Qd3 Rfd8 23. Rh4 Nf6 24. Qf5 Qd5 25. Qxd5 Nxd5 26. dxc5 Bxc5 27. a3 a5 28. Rhe4 h6 29. g3 Kf8 30. Kf1 Rd7 31. Ne5 Rdc7 32. Nc4 Rd7 33. Ne5 Rdc7 34. Nc4 Rd7 35. Ne5 Rdc7 1/2-1/2